| 000 | 00361cam a22001337a 4500 | ||
|---|---|---|---|
| 008 | 180718b1961 xxu||||| |||| 00| 0 eng d | ||
| 082 | _aF1 K965 | ||
| 100 | _aKuppswamy, B. | ||
| 245 |
_aAn introduction to social psychology _cby B. Kuppuswamy |
||
| 260 |
_aBombay _bAsia Pub. House _c1961 |
||
| 300 | _a572p. | ||
| 500 | _aRs.15.00 | ||
| 650 | _aSocial Psychology | ||
| 999 |
_c369934 _d369934 |
||